000 00625nam a22002057a 4500
003 UA-OsUOA
001 38855
007 ta
008 20060529b un ||||| |||| 00| 0 ukr d
090 _a32
_bП11
942 _cSA
040 _aUA-OsUOA
_bukr
_cUA-OsUOA
_dUA-OsUOA
245 _aПитання створення, накопичення та використання фінансового резерву для зняття з експлуатації ядерних установок
300 _a42-46 с.
955 _a0
041 _aukr
080 _a32
773 0 _w38853
650 7 _a32 Політика
_2UDC
999 _c325000
_d325000